Statecraft in Ancient India: (Record no. 190691)

MARC details
000 -LEADER
fixed length control field 00587nam a22001817a 4500
005 - DATE AND TIME OF LATEST TRANSACTION
control field 20220803100303.0
010 ## - LCCN (DPL NO)
LC control number ENG-134179
020 ## - INTERNATIONAL STANDARD BOOK NUMBER
International Standard Book Number 9789385144189
Terms of availability 650.00
035 ## - SYSTEM CONTROL NUMBER
System control number EN-117711
037 ## - SOURCE OF ACQUISITION
Source of stock number/acquisition DBAD/PUB
082 ## - DEWEY DECIMAL CLASSIFICATION NUMBER
Classification number 320.01
100 ## - MAIN ENTRY--PERSONAL NAME
Personal name Kumar, Manjesh
245 ## - TITLE STATEMENT
Title Statecraft in Ancient India:
Remainder of title Theory And Practice/
Statement of responsibility, etc Manjesh Kumar
260 ## - PUBLICATION, DISTRIBUTION, ETC. (IMPRINT)
Place of publication, distribution, etc New Delhi
Name of publisher, distributor, etc Shivalik Prakashan
Date of publication, distribution, etc 2015
270 ## - ADDRESS
Address 27/16, Shakti Nagar
City New Delhi
Postal code 110007
Telephone number 011-2454680, 42351161
Electronic mail address shivalikprakashan@gmail.com
300 ## - PHYSICAL DESCRIPTION
Extent 216p.
Dimensions 22cm(hb)
942 ## - ADDED ENTRY ELEMENTS (KOHA)
Source of classification or shelving scheme Dewey Decimal Classification
Item type English Books
Classification part 320.01
Call number suffix MAN
Holdings
Withdrawn status Lost status Not for loan Collection code Home library Current library Date acquired Source of acquisition Cost, normal purchase price Full call number Barcode Copy number Cost, replacement price Koha item type
      Non-fiction Bawana Bawana 03/08/2022 DBAD/PUB 650.00 320.01 MAN EN-117711 1 650.00 English Books

© Delhi Public Library
Hit Counter
free hit counter